| 000 | 00701nam a2200241Ia 4500 | ||
|---|---|---|---|
| 003 | OSt | ||
| 005 | 20221006164226.0 | ||
| 006 | a|||||r|||| 00| 0 | ||
| 007 | ta | ||
| 008 | 221006b |||||||| |||| 00| 0 eng d | ||
| 024 | _a144 | ||
| 037 | _cTextual | ||
| 040 |
_aFML _cFML _beng |
||
| 041 |
_2eng _aeng |
||
| 082 | _aV56 ' N14<--- K03, K0 | ||
| 100 |
_aBrown W. E. Au. _9676885 |
||
| 245 | 0 | _aThe Map Approach To British History | |
| 260 |
_aLondon _bLondon UniversityTutorial Press Ltd _c1960 |
||
| 300 |
_a60 _ccm. |
||
| 700 |
_a Coysh A. W. Au. _9676886 |
||
| 942 |
_hV56 ' N14<--- K03, K0 _cTEXL _2CC |
||
| 999 |
_c1116569 _d1116569 |
||